Restauración de libros
שמור ב:
| Main Authors: | , |
|---|---|
| מחבר תאגידי: | |
| פורמט: | ספר |
| שפה: | ספרדית |
| יצא לאור: |
Madrid
Pirámide
1992
|
| מהדורה: | 1a. ed |
| סדרה: | Biblioteca del libro
|
| נושאים: | |
| תגים: |
הוספת תג
אין תגיות, היה/י הראשונ/ה לתייג את הרשומה!
|
MARC
| LEADER | 00000nam a2200000 a 4500 | ||
|---|---|---|---|
| 001 | UCJ3889 | ||
| 003 | CL-VaPUC | ||
| 008 | 070124e19920300SP |||||||||||||||||spa|d | ||
| 082 | 0 | 4 | |a 025.7 |b IPE |2 21 |
| 100 | 0 | |a Ipert, Stéphane |e author |9 506421 | |
| 700 | 0 | |a Rome-Yacinthe, Michèle |e author |9 506422 | |
| 110 | 2 | |a Fundación Germán Sánchez Ruipérez |e author |9 506423 | |
| 245 | 1 | 0 | |a Restauración de libros |
| 250 | |a 1a. ed | ||
| 300 | |a 132 p | ||
| 942 | |c BK | ||
| 945 | |d 20070124 00:00:00 |a rinostro | ||
| 260 | |a Madrid |b Pirámide |c 1992 | ||
| 500 | |a Interesantes y didácticas ilustraciones | ||
| 650 | 7 | |a LIBROS-RESTAURACION |2 CL-VaPUC |9 506424 | |
| 650 | 7 | |a CONSERVACION |2 CL-VaPUC |9 259519 | |
| 650 | 7 | |a BIBLIOGRAFIA |2 CL-VaPUC |9 256175 | |
| 650 | 0 | |a Ilustraciones |9 369481 | |
| 650 | 7 | |a BIBLIOTECOLOGIA |2 CL-VaPUC |9 256929 | |
| 583 | |a last modification |c 20070124 00:00:00 |k Rodrigo Vera | ||
| 490 | 0 | |a Biblioteca del libro | |
| 999 | |c 320008 |d 320006 | ||
| 952 | |0 0 |1 0 |4 0 |6 025_700000000000000_IPE_1992 |7 0 |8 X |9 398442 |a FDOBUD |b FDOBUD |d 2019-11-22 |i 1010379 |o 025.7 IPE 1992 |p 1010379 |r 2019-11-22 |w 2019-11-22 |y BK_X |k BUD | ||